[Event "EIWCC 2017"]
[Site "Riga"]
[Date "2017.04.14"]
[Round "4"]
[White "Doluhanova, Evgeniya"]
[Black "Kashlinskaya, Alina"]
[Result "1/2-1/2"]
[WhiteElo "2287"]
[BlackElo "2426"]
[Annotator "TA"]
[PlyCount "245"]
[EventDate "2017.??.??"]
[EventType "swiss"]
[EventCountry "LAT"]
[SourceTitle "playchess.com"]
[Source "ChessBase"]
[SourceQuality "1"]

{[%evp 11,245,8,5,14,12,0,20,17,26,-36,-36,-24,-29,-22,40,-19,0,0,0,0,0,-6,31,27,25,27,68,24,27,17,13,9,9,9,9,7,10,0,0,0,0,0,0,0,0,0,0,0,0,0,0,0,0,0,0,0,0,0,0,0,0,-55,-55,-49,-47,-55,-48,-55,-56,-68,-61,-65,-72,-65,-71,-64,-20,-36,-8,-61,-62,-81,-62,-98,-22,-29,-27,-91,-91,-91,-91,-102,-90,-91,-91,-91,-90,-90,-90,-90,-52,-63,-63,-63,-63,-63,-63,-64,-64,-77,-80,-99,-73,-108,0,-85,-71,-112,-116,-192,-192,-192,-192,-233,-218,-232,-218,-255,-71,-71,-71,-71,-71,-71,-69,-232,-232,-333,-286,-475,-482,-567,-548,-871,-867,-1102,-296,-297,-297,-427,-416,-383,-367,-1762,-1341,-1101,-63,-62,-37,-44,-18,-64,-64,-67,-15,-22,-15,-22,-18,-22,-22,-22,-8,-45,-8,-64,-64,-64,-64,-64,-64,-64,-64,-64,-64,-64,-64,-64,-64,-64,-64,-64,-64,-64,-64,-64,-64,-69,-69,-69,-68,-68,-68,-69,-69,-69,-69,-69,-69,-69,-68,-69,-68,-68,-68,-68,-68,-69,-64,-64,0,-69,-68,-68,-68,-68,-68,-69,-69,-69,-69,-69,-69,-69,-68,-73]} 1. e4 e6 2. d4 d5 3. exd5 exd5 4. Nf3 Bd6 5. Bd3 Ne7 6. Nc3 Nbc6 {LiveBook: 7 Games. C01: French: Exchange Variation} 7. a3 (7. Nb5 Bf5 8. O-O O-O 9. c3 Bxd3 10. Qxd3 f6 11. Nh4 Re8 12. Qh3 Ng6 13. Nxg6 hxg6 14. Qg4 {½-½ (23) Wang,C (2503)-Shimanov,A (2650) Las Vegas 2013}) 7... Bg4 8. Be3 Qd7 {The position is equal.} 9. h3 Bh5 10. Qe2 (10. Nb5 $11) 10... f5 $15 {aiming for ...f4.} 11. O-O-O O-O-O 12. Nb5 $146 (12. Bb5 f4 13. Bd2 Qf5 14. Be1 {0-1 (49) Heimisson,H-Johannsson,O (1941) Reykjavik 2012}) 12... Rhf8 (12... f4 $11 13. Bd2 Rhe8) 13. Rde1 ({White should try} 13. g4 $1 $14 fxg4 14. Nxd6+ cxd6 15. Nh2) 13... Rde8 14. Nxd6+ Qxd6 15. g4 Bg6 16. Qd1 f4 17. Bxg6 Nxg6 18. Bd2 Re4 19. Bc3 h6 20. Nd2 Rxe1 21. Rxe1 f3 22. Nxf3 Nf4 23. Ng1 Ne6 24. Qd2 Ng5 25. Qe3 Ne4 26. f3 Nxc3 27. Qxc3 Qf4+ 28. Qd2 Qxd4 29. Qxd4 Nxd4 $11 {[%mdl 4096] Endgame KRN-KRN} 30. Rd1 Rf4 ({But not} 30... Nxf3 $2 31. Rf1 $18) 31. Kd2 g5 ({Stronger than} 31... Nxf3+ 32. Ke3 Rc4 33. Nxf3 $18) 32. Ne2 Nxf3+ 33. Ke3 Rf7 34. Rxd5 Ne1 35. Nd4 Ng2+ 36. Kd2 (36. Ke4 $11) 36... Rf2+ $15 37. Kc3 Nf4 38. Re5 Rh2 39. Nf5 Rxh3+ 40. Kc4 Rh2 41. c3 Rxb2 42. Nxh6 Nh3 43. Re3 Rh2 44. Ng8 b6 (44... Nf2 $5 {seems wilder.} 45. Nf6 b6 46. Re5 Rh6 47. Rf5 Nh3) 45. Ne7+ ({White should play} 45. Kd5 $11 Kb7 46. Ke5) 45... Kd7 46. Nf5 Nf2 47. Re7+ Kd8 (47... Kc8 $1 $17 48. Ne3 Rh6) 48. Rg7 $11 Nxg4 49. Rxg5 (49. Nd4 $1 $11 {remains equal.}) 49... Nf6 $17 50. Rg6 Ne8 $1 51. Nd4 Kd7 52. Kb3 Rh3 53. a4 Rh5 54. Nb5 a6 55. Nd4 c5 56. Ne2 Nd6 57. Nf4 Rf5 58. Rg4 Kc6 59. Rh4 Re5 60. Rh6 Re4 61. Rf6 Re3 62. Kc2 Re4 63. Kb3 Re1 64. Kc2 Ra1 65. Kb3 (65. Ng6 $17) 65... c4+ $1 $19 66. Kb2 Rxa4 67. Ng2 Ra5 68. Ne3 {intending Rxd6+!} Rc5 69. Rh6 b5 $2 (69... a5 $19 {has better winning chances. White must now prevent ...b5.} 70. Nc2 Rb5+ 71. Kc1 Re5 72. Nd4+ Kc5) 70. Nc2 $17 a5 {Hoping for ...Rg5.} 71. Nd4+ Kd7 72. Rh7+ Kc8 73. Rh6 $2 (73. Ra7 $15) 73... Rd5 $19 74. Nc6 (74. Rh7 $142) 74... Kc7 75. Nd4 $2 (75. Nxa5 {was forced.} Kb6 76. Nb3 cxb3 77. Kxb3) 75... b4 76. Rh4 Kb6 77. Rh6 a4 78. Rg6 {[#]} Kb7 $2 (78... Rxd4 $1 79. cxd4 Kc6) 79. Rg7+ Kc8 $1 80. Rg8+ (80. Nc6 $142 Rd2+ 81. Kc1 bxc3 82. Na7+ Kd8 83. Nc6+ Ke8 84. Rg5) 80... Kd7 $1 81. Rg7+ Ke8 82. Rg4 $2 (82. Kc1 bxc3 83. Nc2) 82... a3+ 83. Ka2 {[#]} bxc3 $2 (83... Rxd4 $1 $19 84. Rxd4 (84. cxd4 Nb5) 84... b3+ 85. Ka1 Kd7) 84. Kxa3 $15 Ke7 {Strongly threatening ...Kd7.} 85. Ka2 Kf6 {Threatens to win with ...Rh5.} 86. Kb1 Rh5 $1 87. Ne2 Rh1+ ({Better is} 87... Nb5 $15 88. Rg3 Ke5 89. Nxc3 Kf4 90. Ne2+ Kf5) 88. Rg1 $1 $11 {[%cal Rg1h1]} Rh3 {And now ...Rd3 would win.} 89. Rg3 {[#]} c2+ $1 90. Kxc2 Rh2 91. Kd1 Ne4 92. Rg8 c3 ({Don't play} 92... Rh1+ 93. Kc2 $17) 93. Rc8 {[#]} (93. Re8 $11) 93... c2+ $1 $15 {[%mdl 512]} 94. Kxc2 (94. Rxc2 Rh1+) 94... Ng3 95. Rf8+ Ke7 96. Rf3 Rxe2+ {KRN-KR} 97. Kd3 Rg2 98. Ke3 Ke6 99. Rf2 Nf5+ 100. Kf3 Rg3+ 101. Kf4 Ra3 102. Rb2 Ra4+ 103. Kg5 Ne3 104. Rb8 Rg4+ 105. Kh5 Rg3 106. Rb6+ Ke5 107. Rb5+ Nd5 108. Ra5 Rg1 109. Kh4 Kf4 {[%cal Rg1h1]} 110. Ra4+ Kf3 111. Kh5 Nf4+ 112. Kh6 Rg6+ 113. Kh7 Rg4 114. Kh6 Kg3 {( -> ...Rh4+)} 115. Ra1 Kf3 116. Ra4 $1 Ke3 {Black is slightly better.} 117. Kh7 Rg1 118. Kh6 Nd5 119. Kh5 Kf3 120. Kh6 Rg2 121. Kh7 Nf6+ 122. Kh6 Ne4 123. Ra5 1/2-1/2

[Event "EIWCC 2017"]
[Site "Riga"]
[Date "2017.04.14"]
[Round "4"]
[White "Travkina, Anastasia"]
[Black "Pustovoitova, Daria"]
[Result "0-1"]
[WhiteElo "2287"]
[BlackElo "2411"]
[Annotator "NA"]
[PlyCount "46"]
[EventDate "2017.??.??"]
[EventType "swiss"]
[EventCountry "LAT"]
[SourceTitle "playchess.com"]
[Source "ChessBase"]
[SourceQuality "1"]
[TimeControl "40/5400+30:1800+30"]

1. e4 {[%emt 0:00:00]} c5 {[%emt 0:00:02]} 2. Nf3 {[%emt 0:00:00]} d6 {[%emt 0:00:03]} 3. d4 {[%emt 0:00:00]} cxd4 {[%emt 0:00:04]} 4. Nxd4 {[%emt 0:00:00]} Nf6 {[%emt 0:00:07]} 5. Nc3 {[%emt 0:00:00]} e6 {[%emt 0:00:08]} 6. g4 {[%emt 0:00:23]} h6 {[%emt 0:00:11]} 7. h3 {[%emt 0:00:05] B81: Sicilian Scheveningen: Keres Attack} (7. Bg2 Nc6 8. h3 g5 9. Nxc6 bxc6 10. e5 Nd5 11. exd6 Qxd6 12. O-O Ba6 13. Re1 Be7 14. Ne4 Qc7 15. c4 Nb4 16. b3 {1-0 (59) Carlsen,M (2840)-Van Wely,L (2695) Wijk aan Zee 2017}) 7... Be7 {[%emt 0:05:39]} 8. Bg2 {[%emt 0:00:21]} a6 {[%emt 0:01:39]} 9. Be3 {[%emt 0:00:59]} Nc6 {[%emt 0:01:06]} 10. Qe2 {[%emt 0:05:00]} Nxd4 {[%emt 0:09:31]} 11. Bxd4 {[%emt 0:00:06]} e5 {[%emt 0:00:08]} 12. Be3 {[%emt 0:00:16]} Be6 {[%emt 0:01:28]} 13. O-O-O {[%emt 0:15:38]} Rc8 {[%emt 0:04:03]} 14. Nd5 {[%emt 0:01:16]} Bxd5 {[%emt 0:00:48]} 15. exd5 {[%emt 0:00:09]} Nd7 {[%emt 0:00:49]} 16. Kb1 {[%emt 0:11:34]} O-O $146 {[%emt 0:05:31]} 17. Be4 {[%emt 0:19:47]} Bg5 {[%emt 0:07:33]} 18. h4 {[%emt 0:09:42]} Bxh4 {[%emt 0:11:42]} 19. Bxh6 {[%emt 0:16:01]} gxh6 {[%emt 0:04:09]} 20. g5 {[%emt 0:00:30]} Bxg5 {[%emt 0:02:18]} 21. Rdg1 {[%emt 0:11:49]} Qf6 {[%emt 0:01:54]} 22. Qe3 {[%emt 0:06:51]} Qg7 {[%emt 0:04:27]} 23. Qh3 {[%emt 0:00:28]} Nf6 {[%emt 0:00:27]} 0-1

[Event "EIWCC 2017"]
[Site "Riga"]
[Date "2017.04.14"]
[Round "4"]
[White "Ambartsumova, Karina"]
[Black "Nechaeva, Marina"]
[Result "1/2-1/2"]
[WhiteElo "2282"]
[BlackElo "2395"]
[Annotator "NA"]
[PlyCount "110"]
[EventDate "2017.??.??"]
[EventType "swiss"]
[EventCountry "LAT"]
[SourceTitle "playchess.com"]
[Source "ChessBase"]
[SourceQuality "1"]
[TimeControl "40/5400+30:1800+30"]

1. d4 {[%emt 0:00:00]} d5 {[%emt 0:00:05]} 2. Nf3 {[%emt 0:00:01]} Nf6 {[%emt 0:00:05]} 3. Bf4 {[%emt 0:00:39]} c5 {[%emt 0:00:07]} 4. e3 {[%emt 0:01:17]} Nc6 {[%emt 0:00:18]} 5. Nbd2 {[%emt 0:01:14]} Qb6 {[%emt 0:00:55]} 6. dxc5 {[%emt 0:00:50]} Qxb2 {[%emt 0:00:17]} 7. Rb1 {[%emt 0:01:14]} Qc3 {[%emt 0:04:30]} 8. Bb5 {[%emt 0:01:10]} Qxc5 {[%emt 0:02:08]} 9. O-O {[%emt 0:06:33]} a6 {[%emt 0:13:41]} 10. Be2 {[%emt 0:12:36]} e6 {[%emt 0:03:33]} 11. c4 {[%emt 0:17:38]} Be7 {[%emt 0:00:24]} 12. Nb3 {[%emt 0:22:54]} Qa3 {[%emt 0:14:16]} 13. Nbd4 {[%emt 0:03:25]} Nxd4 {[%emt 0:21:25]} 14. Qxd4 {[%emt 0:03:45]} O-O {[%emt 0:02:47]} 15. Be5 {[%emt 0:03:45]} dxc4 {[%emt 0:07:50]} 16. Bxc4 {[%emt 0:00:56]} b5 {[%emt 0:01:57]} 17. Bb3 {[%emt 0:00:36]} Bb7 {[%emt 0:01:48]} 18. Qf4 {[%emt 0:01:29]} Rfd8 {[%emt 0:04:56]} 19. Nd4 {[%emt 0:02:59]} Bd6 {[%emt 0:02:18]} 20. Rbd1 {[%emt 0:02:44]} Bxe5 {[%emt 0:01:02]} 21. Qxe5 {[%emt 0:00:05]} Bd5 {[%emt 0:02:19]} 22. Rc1 {[%emt 0:01:34]} Qd6 {[%emt 0:03:07]} 23. Qxd6 {[%emt 0:02:54]} Rxd6 {[%emt 0:00:04]} 24. Rc7 {[%emt 0:00:37]} g6 {[%emt 0:03:09]} 25. Rfc1 {[%emt 0:02:17]} Rad8 {[%emt 0:01:39]} 26. Nc6 {[%emt 0:05:35]} Bxc6 {[%emt 0:01:11]} 27. R7xc6 {[%emt 0:00:01]} Ne4 {[%emt 0:00:45]} 28. f3 {[%emt 0:01:17]} Nd2 {[%emt 0:00:20]} 29. Rxd6 {[%emt 0:00:45]} Rxd6 {[%emt 0:00:04]} 30. Rc8+ {[%emt 0:03:23]} Kg7 {[%emt 0:00:04]} 31. Kf2 {[%emt 0:00:07]} Nxb3 {[%emt 0:00:30]} 32. axb3 {[%emt 0:00:04]} Rd2+ {[%emt 0:00:07]} 33. Kg3 {[%emt 0:00:25]} Rd3 {[%emt 0:00:09]} 34. Ra8 {[%emt 0:00:51]} Rxe3 {[%emt 0:00:05]} 35. Rxa6 {[%emt 0:00:08]} Rxb3 {[%emt 0:00:03]} 36. h4 {[%emt 0:01:13]} h5 {[%emt 0:00:35]} 37. Rb6 {[%emt 0:00:03]} Kf6 {[%emt 0:00:08]} 38. Rb7 {[%emt 0:00:41]} Rb1 {[%emt 0:00:35]} 39. Kh2 {[%emt 0:01:00]} Rb3 {[%emt 0:04:11]} 40. Kg3 {[%emt 0:00:00]} e5 {[%emt 0:00:09]} 41. Kh2 {[%emt 0:00:22]} Ke6 {[%emt 0:00:12]} 42. Rb6+ {[%emt 0:00:52]} Kf5 {[%emt 0:01:58]} 43. Rb7 {[%emt 0:00:11]} f6 {[%emt 0:05:44]} 44. Rb6 {[%emt 0:00:20]} b4 {[%emt 0:01:11]} 45. g4+ {[%emt 0:00:26]} hxg4 {[%emt 0:00:08]} 46. fxg4+ {[%emt 0:00:02]} Kxg4 {[%emt 0:00:14]} 47. Rxf6 {[%emt 0:00:04]} Rb2+ {[%emt 0:01:24]} 48. Kg1 {[%emt 0:00:32]} Kh5 {[%emt 0:00:17]} 49. Re6 {[%emt 0:02:20]} b3 {[%emt 0:00:10]} 50. Rxe5+ {[%emt 0:02:19]} Kxh4 {[%emt 0:00:05]} 51. Rb5 {[%emt 0:03:07]} g5 {[%emt 0:00:09]} 52. Kf1 {[%emt 0:03:39]} g4 {[%emt 0:00:05]} 53. Rb8 {[%emt 0:00:12]} Kg3 {[%emt 0:00:10]} 54. Rb7 {[%emt 0:00:31]} Rb1+ {[%emt 0:00:04]} 55. Ke2 {[%emt 0:00:03]} b2 {[%emt 0:00:11]} 1/2-1/2

[Event "EIWCC 2017"]
[Site "Riga"]
[Date "2017.04.14"]
[Round "4"]
[White "Unuk, Laura"]
[Black "Papp, Petra"]
[Result "1/2-1/2"]
[WhiteElo "2275"]
[BlackElo "2378"]
[Annotator "NA"]
[PlyCount "74"]
[EventDate "2017.??.??"]
[EventType "swiss"]
[EventCountry "LAT"]
[SourceTitle "playchess.com"]
[Source "ChessBase"]
[SourceQuality "1"]
[TimeControl "40/5400+30:1800+30"]

1. d4 {[%emt 0:00:00]} d5 {[%emt 0:00:54]} 2. c4 {[%emt 0:00:00]} dxc4 {[%emt 0:00:24]} 3. e3 {[%emt 0:00:20]} e5 {[%emt 0:00:19]} 4. Bxc4 {[%emt 0:00:09]} exd4 {[%emt 0:00:08]} 5. exd4 {[%emt 0:00:42]} Bd6 {[%emt 0:00:26]} 6. Nf3 {[%emt 0:00:16]} Nf6 {[%emt 0:00:34]} 7. Qe2+ {[%emt 0:00:34]} Qe7 {[%emt 0:00:26]} 8. Qxe7+ {[%emt 0:00:30]} Bxe7 {[%emt 0:00:16]} 9. O-O {[%emt 0:00:29]} Nbd7 {[%emt 0:00:38]} 10. Nc3 {[%emt 0:01:19]} Nb6 {[%emt 0:01:48]} 11. Bb3 {[%emt 0:00:11]} c6 {[%emt 0:00:57]} 12. Re1 {[%emt 0:04:08]} Nfd5 {[%emt 0:00:49]} 13. a3 {[%emt 0:06:18]} Be6 {[%emt 0:02:13]} 14. Bg5 {[%emt 0:00:39]} h6 {[%emt 0:17:44]} 15. Bxe7 {[%emt 0:00:35]} Kxe7 {[%emt 0:00:08]} 16. Ne4 {[%emt 0:00:34]} Nd7 {[%emt 0:05:01]} 17. Nc5 {[%emt 0:10:42]} Nxc5 {[%emt 0:06:09]} 18. dxc5 {[%emt 0:00:37]} Kf6 {[%emt 0:02:22]} 19. Rad1 {[%emt 0:08:48]} Rad8 {[%emt 0:03:00]} 20. Rd4 {[%emt 0:02:33]} g5 {[%emt 0:06:22]} 21. h4 {[%emt 0:12:35]} Nf4 {[%emt 0:02:57]} 22. Bxe6 {[%emt 0:12:44]} Nxe6 {[%emt 0:01:52]} 23. Rg4 {[%emt 0:00:22]} Rd5 {[%emt 0:02:59]} 24. b4 {[%emt 0:00:25]} Rhd8 {[%emt 0:01:38]} 25. Rge4 {[%emt 0:06:24]} Rd3 {[%emt 0:05:23]} 26. a4 {[%emt 0:02:30]} a5 {[%emt 0:02:55]} 27. bxa5 {[%emt 0:12:48]} Nxc5 {[%emt 0:02:13]} 28. Rc4 {[%emt 0:00:03]} R8d5 {[%emt 0:02:12]} 29. Re8 {[%emt 0:03:25]} Ra3 {[%emt 0:05:38]} 30. Rb8 {[%emt 0:01:40]} Rxa4 {[%emt 0:03:11]} 31. Rxa4 {[%emt 0:00:31]} Nxa4 {[%emt 0:00:06]} 32. Rxb7 {[%emt 0:00:24]} Rxa5 {[%emt 0:00:29]} 33. Nd4 {[%emt 0:03:02]} Rc5 {[%emt 0:06:52]} 34. Ra7 {[%emt 0:00:50]} Rc1+ {[%emt 0:06:02]} 35. Kh2 {[%emt 0:00:07]} Nb2 {[%emt 0:08:02]} 36. Ra6 {[%emt 0:01:29]} Nd3 {[%emt 0:00:09]} 37. Nxc6 {[%emt 0:02:55]} Nxf2 {[%emt 0:01:14]} 1/2-1/2

[Event "EIWCC 2017"]
[Site "Riga"]
[Date "2017.04.14"]
[Round "4"]
[White "Golubenko, Valentina"]
[Black "Cramling, Pia"]
[Result "0-1"]
[WhiteElo "2271"]
[BlackElo "2452"]
[Annotator "TA"]
[PlyCount "180"]
[EventDate "2017.??.??"]
[EventType "swiss"]
[EventCountry "LAT"]
[SourceTitle "playchess.com"]
[Source "ChessBase"]
[SourceQuality "1"]

{[%evp 21,180,-17,-5,-42,16,-39,-2,-13,0,15,4,-24,-21,-40,0,0,0,-8,-6,-9,0,-13,-10,-15,0,0,0,0,12,0,-4,-22,-13,-25,0,-8,27,16,20,16,37,-9,-9,-18,12,8,49,58,57,-132,-136,-150,-141,-179,-135,-140,0,0,0,0,0,0,0,0,0,-47,-47,-42,-42,-42,-38,-47,-38,-48,-27,-117,-117,-151,-151,-132,-118,-118,-119,-162,-127,-128,-130,-131,-131,-180,-180,-180,-180,-172,-172,-189,-189,-189,-189,-194,-101,-306,-306,-306,-306,-306,-306,-299,-258,-6369,-6369,-6369,-6369,-6369,-6369,-6369,-6369,-6362,-6362,-6354,-6347,-6340,-6323,-6238,-6235,-6254,-6203,-6151,-6056,-5262,-4816,-1444,-1245,-1001,-944,-896,-735,-714,-685,-670,-656,-609,-593,-29971,-29971,-29971,-29972,-29974,-29973,-29977,-29979,-29979,-29979,-29979,-29980,-29981,-29982,-29982,-29982,-29982,-29982]} 1. d4 Nf6 2. c4 e6 3. Nf3 d5 4. g3 dxc4 5. Bg2 Bd7 6. Ne5 Bc6 7. Nxc6 Nxc6 8. Qa4 Qd7 {E04: Open Catalan: 5 Nf3} 9. Qxc4 Nxd4 10. O-O c5 11. Nc3 Rd8 {LiveBook: 4 Games} 12. a4 Nd5 ({Better is} 12... Be7 $15) 13. Nb5 $146 (13. Be3 $11) (13. Bg5 Nb6 14. Qd3 Be7 15. Bxe7 Qxe7 16. Qe4 {½-½ (76) Aggelis,N (2294)-Bartel,M (2611) Eretria 2011}) 13... Nb6 14. Qd3 Be7 15. Nxd4 (15. Nxa7 $2 Ra8 16. Rd1 Rxa7 $19) 15... cxd4 16. Qe4 O-O ({Reject} 16... Nxa4 $6 17. Qxb7 Nc5 18. Qxd7+ (18. Qxa7 O-O $14) 18... Nxd7 19. Rxa7 $16) 17. Qxb7 Qxb7 18. Bxb7 Rb8 19. Ba6 Nd5 20. Bc4 Rfc8 21. Ba6 Rc5 22. Bb5 Rb6 23. Rd1 a6 24. Bd3 Nb4 25. a5 Rb8 26. Be4 f5 27. Bb1 Bf6 28. Bd2 Nc2 29. Ra2 d3 30. exd3 Bxb2 ({Don't take} 30... Rxb2 $2 31. Rc1 Rxa2 32. Bxa2 $18) 31. Bxc2 Rxc2 32. Bf4 Rbc8 33. d4 Re2 34. d5 exd5 {[#]} 35. Rxd5 $2 (35. Bc1 $1 $14 {[%mdl 512] keeps the upper hand.} Rec2 (35... Bxc1 36. Rxe2) 36. Bxb2) 35... Rcc2 $17 36. Rd8+ Kf7 37. Rd7+ Ke8 38. Rc7 ({Wrong is} 38. Ra7 $2 Rxf2 39. Ra8+ Kf7 40. Ra7+ Ke8 41. Ra8+ Kf7 42. Ra7+ Kg6 43. Rxa6+ Kh5 $19) 38... Rxc7 ({Black should play} 38... Rxf2 $17 {...Rg2+ is the strong threat.} 39. Rxc2 Rxc2) 39. Bxc7 {[%mdl 4096] Endgame KRB-KRB} Kd7 40. Kf1 Rc2 41. Bf4 Kc6 42. Kg2 Kd5 $1 {[%cal Rd5c4]} 43. Be3 Kc4 {aiming for ...Kb3.} 44. Ra4+ $1 Kb5 45. Rh4 $1 Kxa5 46. Rxh7 Kb4 47. Rh4+ Kb3 {White must now prevent ...a5.} 48. Bb6 (48. Rh5 $11) 48... Rc6 49. Ba5 Rc5 $1 {[%cal Rc5a5]} 50. Bb4 Rb5 51. Bf8 a5 52. g4 fxg4 53. Rxg4 a4 {Threatens to win with ...Rb8.} 54. Rg3+ Kc2 55. Rg6 Rb8 56. Rc6+ Kb3 57. Bd6 Rb5 58. h4 a3 59. Bxa3 Kxa3 $19 {KRB-KR} 60. Kg3 Be5+ (60... Bf6 $19 {Hoping for ...Kb3.} 61. Re6 Rh5 62. Re3+ Kb4 63. Re4+ Kb5) 61. f4 $2 {[#]} (61. Kg4 $17) 61... Rb3+ $1 62. Kg4 {[#]} Rb4 $1 63. Kf5 Bxf4 64. Kg6 Bh6 65. h5 $2 (65. Kh5) 65... Rb5 66. Rc3+ Kb4 67. Rh3 Kc4 68. Rg3 Kd4 69. Rg1 Ke4 70. Rg4+ Ke3 71. Rg1 Kf3 72. Rf1+ Kg2 73. Ra1 Rg5+ 74. Kf7 Rxh5 75. Ra2+ Kf3 76. Ra3+ Ke4 77. Ra4+ Kd3 78. Ra3+ Kc4 79. Ra4+ Kb5 80. Ra1 Rf5+ 81. Kg6 Rg5+ 82. Kf7 Rg2 {Black mates.} 83. Rb1+ Kc4 84. Rb8 Be3 85. Rg8 g5 86. Ke6 Kd3 87. Kf5 Ke2 88. Ke4 Rg4+ 89. Ke5 Ra4 90. Kf5 Kf3 0-1

[Event "EIWCC 2017"]
[Site "Riga"]
[Date "2017.04.14"]
[Round "4"]
[White "Mamedjarova, Turkan"]
[Black "Arda, Cagil Irmak"]
[Result "0-1"]
[WhiteElo "2267"]
[BlackElo "2089"]
[Annotator "NA"]
[PlyCount "88"]
[EventDate "2017.??.??"]
[EventType "swiss"]
[EventCountry "LAT"]
[SourceTitle "playchess.com"]
[Source "ChessBase"]
[SourceQuality "1"]
[TimeControl "40/5400+30:1800+30"]

1. d4 {[%emt 0:00:00]} Nf6 {[%emt 0:00:41]} 2. Nf3 {[%emt 0:00:00]} e6 {[%emt 0:00:13]} 3. c4 {[%emt 0:00:07]} b6 {[%emt 0:00:14]} 4. Qc2 {[%emt 0:02:58]} Bb7 {[%emt 0:00:28]} 5. Nc3 {[%emt 0:00:09]} Bb4 {[%emt 0:00:22]} 6. Nd2 {[%emt 0:03:19]} c5 {[%emt 0:05:30]} 7. a3 {[%emt 0:02:29]} Ba5 {[%emt 0:02:57]} 8. dxc5 {[%emt 0:12:55]} bxc5 {[%emt 0:03:25]} 9. Rb1 {[%emt 0:00:44]} Nc6 {[%emt 0:06:55]} 10. e3 {[%emt 0:03:17]} O-O {[%emt 0:01:40]} 11. Nb3 {[%emt 0:03:57]} Bb6 {[%emt 0:06:09]} 12. Be2 {[%emt 0:04:25]} Rc8 {[%emt 0:07:17]} 13. O-O {[%emt 0:01:16]} Qe7 {[%emt 0:00:54]} 14. Na4 {[%emt 0:18:26]} Ne5 {[%emt 0:13:18]} 15. Nxb6 {[%emt 0:03:45]} axb6 {[%emt 0:00:23]} 16. Nd2 {[%emt 0:03:00]} d5 {[%emt 0:05:20]} 17. b3 {[%emt 0:09:13]} Rfd8 {[%emt 0:05:10]} 18. Re1 {[%emt 0:05:57]} Qd6 {[%emt 0:03:13]} 19. h3 {[%emt 0:04:47]} d4 {[%emt 0:08:47]} 20. exd4 {[%emt 0:03:34]} cxd4 {[%emt 0:05:41]} 21. Bd3 {[%emt 0:02:42]} Nxd3 {[%emt 0:00:48]} 22. Qxd3 {[%emt 0:01:06]} e5 {[%emt 0:01:40]} 23. f3 {[%emt 0:00:19]} Re8 {[%emt 0:00:50]} 24. Ne4 {[%emt 0:03:48]} Nxe4 {[%emt 0:01:42]} 25. fxe4 {[%emt 0:00:04]} f5 {[%emt 0:03:40]} 26. exf5 {[%emt 0:00:07]} e4 {[%emt 0:00:31]} 27. Qf1 {[%emt 0:02:32]} e3 {[%emt 0:00:51]} 28. Rb2 {[%emt 0:00:36]} Rc5 {[%emt 0:02:16]} 29. Rd1 {[%emt 0:00:16]} Rce5 {[%emt 0:03:28]} 30. Qf4 {[%emt 0:01:10]} Qc6 {[%emt 0:05:21]} 31. Re2 {[%emt 0:00:10]} Re4 {[%emt 0:01:44]} 32. Qg5 {[%emt 0:02:02]} Qf6 {[%emt 0:00:59]} 33. Qxf6 {[%emt 0:02:11]} gxf6 {[%emt 0:00:03]} 34. Bb2 {[%emt 0:00:05]} Rd8 {[%emt 0:00:22]} 35. Rd3 {[%emt 0:00:27]} Bc8 {[%emt 0:00:47]} 36. g4 {[%emt 0:00:07]} h5 {[%emt 0:01:48]} 37. Kh2 {[%emt 0:02:03]} Kf7 {[%emt 0:01:15]} 38. Kg3 {[%emt 0:03:14]} hxg4 {[%emt 0:00:25]} 39. hxg4 {[%emt 0:00:57]} Rg8 {[%emt 0:00:11]} 40. g5 {[%emt 0:00:00]} Rxg5+ {[%emt 0:00:17]} 41. Kf3 {[%emt 0:00:10]} Bb7 {[%emt 0:05:13]} 42. Bxd4 {[%emt 0:01:09]} Rxf5+ {[%emt 0:02:34]} 43. Kg3 {[%emt 0:00:01]} Rg5+ {[%emt 0:00:07]} 44. Kh3 {[%emt 0:00:17]} Bc8+ {[%emt 0:00:06]} 0-1

[Event "EIWCC 2017"]
[Site "Riga"]
[Date "2017.04.14"]
[Round "4"]
[White "Zaksaite, Salomeja"]
[Black "Skripchenko, Almira"]
[Result "1/2-1/2"]
[WhiteElo "2262"]
[BlackElo "2420"]
[Annotator "TA"]
[PlyCount "76"]
[EventDate "2017.??.??"]
[EventType "swiss"]
[EventCountry "LAT"]
[SourceTitle "playchess.com"]
[Source "ChessBase"]
[SourceQuality "1"]

{[%evp 22,76,43,33,23,29,63,53,69,33,60,29,28,26,24,25,22,31,49,56,95,87,92,94,89,94,91,98,94,44,44,44,44,44,44,44,44,44,49,44,52,64,64,0,9,0,0,0,14,4,8,0,0,0,0,0,0]} 1. e4 c5 2. Nf3 Nc6 3. d4 cxd4 4. Nxd4 e5 5. Nb5 {[%cal Bd4b5,Bb5a3,Ba3c4][%mdl 32]} d6 6. N1c3 a6 7. Na3 Be7 8. Nc4 b5 {B32: Sicilian: Löwenthal and Kalashnikov Variations} 9. Ne3 Nf6 10. Bd3 (10. g3 O-O 11. Bg2 b4 12. Ncd5 Nxd5 13. Nxd5 Bg5 14. Bxg5 Qxg5 15. O-O Be6 16. Nc7 {½-½ (34) Morozevich,A (2711)-Moiseenko,A (2692) Berlin 2015}) 10... O-O 11. O-O Rb8 12. a4 {[%cal Ra4b5] LiveBook: 5 Games} Nb4 13. axb5 Nxd3 14. Qxd3 axb5 15. Bd2 $146 (15. Rd1 Bb7 16. Ncd5 {½-½ (16) Kaiser,R (2167)-Haag,M (2324) Bad Homburg 2015}) 15... Be6 16. Ncd5 ({But not} 16. Nxb5 Nxe4 17. Qxe4 Rxb5 $15) 16... Nxd5 17. Nxd5 Bxd5 18. Qxd5 Qc7 $1 19. Rfc1 Qc4 20. Ra7 Bd8 21. Rd7 (21. Qxd6 $6 Bb6 22. Rd7 Qxe4 $11) 21... Bb6 22. Qxc4 ({Reject} 22. Qxd6 $6 Qxe4 23. Re1 Qf5 $11) 22... bxc4 23. Rxd6 f5 24. exf5 Rxf5 25. Be3 Bxe3 26. fxe3 Rxb2 $14 {[%mdl 4096] Endgame KRR-KRR} 27. Rc6 Rb4 28. Rf1 Rxf1+ 29. Kxf1 {KR-KR} Kf7 30. Ke2 Ke7 31. Rc7+ Kf6 32. Kd2 ({White should play} 32. Kf3 $14) 32... Ra4 {The position is equal.} 33. Kc3 Ra3+ 34. Kd2 Ra4 35. e4 h5 36. h4 Ra1 37. Ke2 Rh1 38. Rxc4 Rxh4 1/2-1/2